[Event "FSV-ch 2009"]
[Site "Dortmund"]
[Date "2009.04.23"]
[Round "4.19"]
[White "Gerke, Dieter"]
[Black "Stolte, Lukas S"]
[Result "0-1"]
[WhiteElo "1598"]
[BlackElo "1222"]
[PlyCount "152"]
[EventDate "2009.??.??"]
[SourceDate "2009.04.03"]

1. d4 d5 2. c4 dxc4 3. a4 Nf6 4. Nc3 e6 5. Bg5 Be7 6. e3 b6 7. Bxf6 Bxf6 8. Qf3
c6 9. Bxc4 Bb7 10. Nge2 Qc7 11. Ne4 Nd7 12. N2g3 c5 13. Bb5 Be7 14. Rc1 f5 15.
Nxf5 exf5 16. Qxf5 g6 17. Nf6+ Bxf6 18. Qxf6 Rf8 19. Qe6+ Kd8 20. O-O a6 21.
Bxd7 Qxd7 22. Qxb6+ Ke8 23. Rxc5 Bxg2 24. Re5+ Kf7 25. Rc1 Qg4 26. Rc7+ Kg8 27.
Qe6+ Qxe6 28. Rxe6 Bf3 29. Ree7 Rfb8 30. Rg7+ Kh8 31. Rxh7+ Kg8 32. Rcg7+ Kf8
33. Rxg6 Rxb2 34. h4 Rc8 35. Rh8+ Kf7 36. Rxc8 Kxg6 37. Rc5 Ra2 38. a5 Be2 39.
e4 Bf3 40. Rg5+ Kh6 41. Re5 Ra4 42. Re6+ Kh5 43. d5 Bxe4 44. d6 Kg4 45. f3+
Bxf3 46. d7 Rd4 47. Kf2 Bb7 48. Re7 Bc6 49. Ke3 Rxd7 50. Re6 Bb5 51. Rh6 Rf7
52. Rh8 Rf5 53. Rh7 Bf1 54. Ke4 Rxa5 55. Rg7+ Kxh4 56. Kf3 Ra3+ 57. Kf4 Ra4+
58. Kf3 Bb5 59. Rg1 Ra2 60. Kf4 Kh3 61. Rg7 Rf2+ 62. Ke3 Re2+ 63. Kf4 a5 64.
Kf3 Kh4 65. Kf4 Rf2+ 66. Ke3 Rf6 67. Kd2 Rc6 68. Ke3 a4 69. Kf4 Rc4+ 70. Kf3
Bc6+ 71. Ke3 a3 72. Kd3 Ra4 73. Kc3 a2 74. Kb3 a1=Q 75. Rh7+ Kg5 76. Rh5+ Kxh5
0-1

[Event "FSV-ch 2009"]
[Site "Dortmund"]
[Date "2009.04.23"]
[Round "4.20"]
[White "Herrmann, Rudolf"]
[Black "Wickenfeld, Udo"]
[Result "1-0"]
[WhiteElo "1371"]
[BlackElo "1220"]
[PlyCount "99"]
[EventDate "2009.??.??"]
[SourceDate "2009.04.03"]

1. d4 Nf6 2. Nf3 g6 3. c4 Bg7 4. Nc3 d6 5. h3 O-O 6. Bg5 h6 7. Bf4 g5 8. Bg3
Nh5 9. Bh2 f5 10. e3 Nf6 11. Be2 e6 12. Qc2 Nc6 13. d5 Ne7 14. O-O-O e5 15. e4
f4 16. Bg1 Nd7 17. g3 Ng6 18. Bh2 Nc5 19. gxf4 gxf4 20. h4 Bd7 21. h5 Nh8 22.
Bg1 Nf7 23. Nh4 Qg5 24. f3 Qxh5 25. Bxc5 dxc5 26. Nf5 Qg5 27. Rdg1 Qf6 28. Nxg7
Ng5 29. Ne6 Bxe6 30. dxe6 Qxe6 31. Nd5 Qd6 32. Qd1 Kh7 33. Rxg5 Rg8 34. Rxg8
Rxg8 35. Qe1 c6 36. Nc3 Rg6 37. Rg1 Qd4 38. Rxg6 Kxg6 39. Kc2 h5 40. Qh4 Qd6
41. Bf1 Qf6 42. Qxf6+ Kxf6 43. Ne2 Kg5 44. Kd2 h4 45. Ng1 b5 46. cxb5 cxb5 47.
Bxb5 Kf6 48. Nh3 Ke7 49. Kc3 Kd6 50. Kc4 1-0

[Event "FSV-ch 2009"]
[Site "Dortmund"]
[Date "2009.04.23"]
[Round "4.21"]
[White "Oelze, Eckhardt"]
[Black "Schaefer, Ulrich"]
[Result "0-1"]
[WhiteElo "992"]
[BlackElo "1328"]
[PlyCount "96"]
[EventDate "2009.??.??"]
[SourceDate "2009.04.03"]

1. e4 e5 2. Nf3 Nc6 3. c3 Nf6 4. d3 Bc5 5. d4 exd4 6. cxd4 Bb4+ 7. Bd2 Nxe4 8.
Bxb4 Nxb4 9. Nbd2 Nxd2 10. Qxd2 Qe7+ 11. Be2 O-O 12. O-O d5 13. Rfe1 Nc6 14.
Rac1 Qb4 15. Qxb4 Nxb4 16. a3 Nc6 17. Bb5 Bd7 18. Bxc6 Bxc6 19. Re7 Rac8 20.
Ne5 Rfe8 21. Nxc6 bxc6 22. Rxe8+ Rxe8 23. g3 Re6 24. b4 Kf8 25. b5 cxb5 26.
Rxc7 Re7 27. Rc5 a6 28. Rxd5 Re6 29. a4 b4 30. Ra5 Rb6 31. Rc5 b3 32. Rc1 Ke7
33. Kg2 Kd6 34. Kf3 Rb4 35. Rb1 Kd5 36. Ke3 Rxd4 37. Rxb3 Rxa4 38. Rd3+ Ke6 39.
Rd4 Rxd4 40. Kxd4 Kf5 41. f4 Kg4 42. Ke5 Kh3 43. f5 Kxh2 44. Kd6 Kxg3 45. Ke7
Kg4 46. Kxf7 Kxf5 47. Kxg7 h5 48. Kh6 Kg4 0-1

[Event "FSV-ch 2009"]
[Site "Dortmund"]
[Date "2009.04.23"]
[Round "4.22"]
[White "Böckmann, Lieselotte"]
[Black "Weih, Kurt"]
[Result "0-1"]
[WhiteElo "972"]
[BlackElo "1291"]
[PlyCount "64"]
[EventDate "2009.??.??"]
[SourceDate "2009.04.03"]

1. c4 Nf6 2. Nc3 e5 3. g3 Bc5 4. e3 O-O 5. Bg2 Nc6 6. a3 a6 7. b4 Ba7 8. Nge2
d6 9. h3 Be6 10. d3 Rb8 11. b5 Ne7 12. O-O Qd7 13. g4 h5 14. f3 d5 15. Kh1 Ng6
16. f4 hxg4 17. cxd5 gxh3 18. Bf3 Bg4 19. Ng1 exf4 20. Bxg4 Nxg4 21. Qf3 Kh7
22. Nxh3 Rh8 23. Rg1 Nxe3 24. Bxe3 Bxe3 25. Rg2 Nh4 26. Qe4+ Kg8 27. Rh2 Re8
28. Qb4 Nf3 29. Ne4 Nxh2 30. Nf6+ gxf6 31. Rg1+ Bxg1 32. Kxg1 Qg4+ 0-1

[Event "FSV-ch 2009"]
[Site "Dortmund"]
[Date "2009.04.23"]
[Round "4.23"]
[White "Wangrin, Stefan A"]
[Black "Pfeffer, Josef"]
[Result "1/2-1/2"]
[WhiteElo "948"]
[BlackElo "1276"]
[PlyCount "41"]
[EventDate "2009.??.??"]
[SourceDate "2009.04.03"]

1. e4 e5 2. Nf3 d6 3. Bc4 Bg4 4. d3 h6 5. Nbd2 Be7 6. c3 Nf6 7. Qb3 O-O 8. Qxb7
Nbd7 9. Qb3 Nc5 10. Qc2 c6 11. a3 Be6 12. Bxe6 Nxe6 13. Nc4 Nd7 14. Be3 c5 15.
Rb1 Nb6 16. Na5 Qc7 17. b4 Nd7 18. Nc4 Nb6 19. Na5 Nd7 20. Nc4 Nb6 21. Na5
1/2-1/2

[Event "FSV-ch 2009"]
[Site "Dortmund"]
[Date "2009.04.23"]
[Round "4.24"]
[White "Hübel, Carsten"]
[Black "Griese, Andreas"]
[Result "1-0"]
[WhiteElo "1272"]
[BlackElo "1170"]
[PlyCount "63"]
[EventDate "2009.??.??"]
[SourceDate "2009.04.03"]

1. f4 Nf6 2. Nc3 d6 3. Nf3 g6 4. e3 e6 5. Be2 Bg7 6. O-O O-O 7. d4 b6 8. e4 Bb7
9. e5 Nd5 10. Nxd5 Bxd5 11. c4 Be4 12. Ng5 Bb7 13. Be3 h6 14. Bf3 d5 15. Nh3 c5
16. cxd5 cxd4 17. Qxd4 exd5 18. Rad1 Nc6 19. Qxd5 Qxd5 20. Bxd5 Rac8 21. Rd2
Rc7 22. a3 Ne7 23. Bxb7 Rxb7 24. Rfd1 Nc6 25. b4 b5 26. Bc5 Re8 27. Rd6 Re6 28.
Rxe6 fxe6 29. Rd6 Rc7 30. Rxe6 Kf7 31. Rd6 Bf8 32. Rf6+ 1-0

[Event "FSV-ch 2009"]
[Site "Dortmund"]
[Date "2009.04.20"]
[Round "4.25"]
[White "Rüttiger, Volker"]
[Black "Maffei, Hendrik"]
[Result "1-0"]
[WhiteElo "1261"]
[BlackElo "1164"]
[PlyCount "161"]
[EventDate "2009.??.??"]
[SourceDate "2009.04.03"]

1. c4 g6 2. d4 Bg7 3. e4 d6 4. Nf3 Bg4 5. Be2 Nf6 6. Nc3 O-O 7. O-O Nbd7 8. b4
c6 9. a4 Qb6 10. Rb1 a6 11. Be3 Qd8 12. Qc2 e6 13. h3 Bxf3 14. Bxf3 h6 15. b5
axb5 16. cxb5 cxb5 17. Nxb5 Rc8 18. Qa2 d5 19. Nd6 Ra8 20. e5 Ne4 21. Nxb7 Qe7
22. Rfc1 Qh4 23. Bxe4 Qxe4 24. a5 Nb8 25. Nc5 Qh4 26. a6 Nc6 27. Qa4 Nxe5 28.
a7 Nc4 29. Rxc4 dxc4 30. Nd7 Bxd4 31. Bxd4 Qxd4 32. Nxf8 Rxa7 33. Rb8 Qa1+ 34.
Qxa1 Rxa1+ 35. Kh2 Kg7 36. Rc8 Rc1 37. Nd7 h5 38. Ne5 c3 39. g3 Kf6 40. Nd3 Rc2
41. Kg2 Kf5 42. Kf3 e5 43. Rc5 f6 44. Ke3 g5 45. Nb4 Rc1 46. Na2 Re1+ 47. Kd3
Rf1 48. Ke2 Rh1 49. Nxc3 Rxh3 50. Nd5 h4 51. Ne3+ Kg6 52. gxh4 Rxh4 53. Rc6 Ra4
54. Nd5 Re4+ 55. Kf1 Rd4 56. Nxf6 Kf5 57. Nh5 Kg4 58. Ng3 Kf3 59. Rc3+ Kg4 60.
Ke2 e4 61. Rc5 Kf4 62. Rf5+ Kg4 63. Ke3 Rd1 64. Kxe4 Re1+ 65. Kd3 Rg1 66. f3+
Kh4 67. Ne2 Re1 68. Ke3 Ra1 69. Rf8 Ra3+ 70. Kf2 Kh5 71. Ng3+ Kg6 72. Rg8+ Kf6
73. Ne4+ Kf5 74. Rxg5+ Kf4 75. Rg4+ Kf5 76. Kg3 Ke5 77. Rg5+ Ke6 78. Nc5+ Kf6
79. Kg4 Rxf3 80. Ne4+ Ke6 81. Kxf3 1-0

[Event "FSV-ch 2009"]
[Site "Dortmund"]
[Date "2009.04.23"]
[Round "4.26"]
[White "Kirmes, Hans-Uwe"]
[Black "Ortlepp, Olaf"]
[Result "1-0"]
[WhiteElo "1389"]
[BlackElo "1022"]
[PlyCount "183"]
[EventDate "2009.??.??"]
[SourceDate "2009.04.03"]

1. e4 Nc6 2. d4 d5 3. e5 e6 4. Nf3 Bb4+ 5. c3 Be7 6. Bd3 a5 7. Bf4 Na7 8. h3
Bd7 9. Qe2 b5 10. a3 h6 11. O-O c5 12. b3 c4 13. Bc2 a4 14. b4 h5 15. Qe3 Nc6
16. Nbd2 Qc7 17. Rfe1 O-O-O 18. Ng5 Be8 19. Re2 g6 20. Qg3 h4 21. Qg4 Qd7 22.
Rae1 Nh6 23. Qxh4 f6 24. exf6 Bxf6 25. Rxe6 Nf7 26. Qg3 Bxg5 27. Bxg5 Nxg5 28.
Qxg5 Bf7 29. R6e2 Rde8 30. Qg3 Rxe2 31. Rxe2 Re8 32. Qf3 Rxe2 33. Qxe2 Qe7 34.
Bd1 Qxe2 35. Bxe2 Ne7 36. Bg4+ Kc7 37. Nf3 Kd6 38. Ne5 Be8 39. f4 Bc6 40. Nxc6
Kxc6 41. Kf2 Ng8 42. Bc8 Nf6 43. f5 Ne4+ 44. Ke3 g5 45. f6 Nxf6 46. Bf5 Kd6 47.
g3 Ke7 48. h4 gxh4 49. gxh4 Kf8 50. Kf2 Kg7 51. Bc8 Kh6 52. Ba6 Ne4+ 53. Ke2
Nd6 54. Kd2 Kh5 55. Ke3 Kxh4 56. Kf4 Ne4 57. Bxb5 Nxc3 58. Bc6 Ne4 59. Bxa4 c3
60. b5 Nd6 61. b6 Kh5 62. Ke5 Nc4+ 63. Kf5 Nxb6 64. Bc2 Kh4 65. a4 Nc4 66. Ke6
Na3 67. Bb3 c2 68. Bxc2 Nxc2 69. Kxd5 Nb4+ 70. Kc4 Na6 71. Kb5 Nc7+ 72. Kc6 Na6
73. Kb6 Nb4 74. a5 Kg5 75. a6 Nxa6 76. Kxa6 Kf5 77. Kb5 Ke6 78. Kc6 Ke7 79. d5
Kd8 80. Kd6 Kc8 81. Ke7 Kc7 82. d6+ Kc6 83. d7 Kd5 84. d8=Q+ Ke5 85. Qd6+ Ke4
86. Ke6 Kf3 87. Qb4 Ke3 88. Ke5 Ke2 89. Ke4 Kf1 90. Qb2 Ke1 91. Ke3 Kf1 92.
Qf2# 1-0

[Event "FSV-ch 2009"]
[Site "Dortmund"]
[Date "2009.04.23"]
[Round "4.27"]
[White "Schirmer, Florian"]
[Black "Wiebesiek, Michael"]
[Result "0-1"]
[WhiteElo "999"]
[BlackElo "1543"]
[PlyCount "46"]
[EventDate "2009.??.??"]
[SourceDate "2009.04.03"]

1. d4 d5 2. c4 e6 3. Nc3 h6 4. Nf3 Nf6 5. e3 c5 6. Bd3 dxc4 7. Qa4+ Bd7 8. Qxc4
cxd4 9. exd4 Nc6 10. a3 Rc8 11. Qa2 Bd6 12. O-O O-O 13. Re1 Bb8 14. b4 Nxb4 15.
axb4 Rxc3 16. Bc4 Rxf3 17. gxf3 Qc7 18. f4 Rc8 19. Bb3 Bc6 20. Bxe6 fxe6 21.
Rxe6 Bd5 22. Qe2 Qxc1+ 23. Rxc1 Rxc1+ 0-1

[Event "FSV-ch 2009"]
[Site "Dortmund"]
[Date "2009.04.23"]
[Round "4.29"]
[White "Grüneberg, Ingo"]
[Black "Skalweit, Wolfgang"]
[Result "0-1"]
[WhiteElo "1176"]
[BlackElo "1347"]
[PlyCount "80"]
[EventDate "2009.??.??"]
[SourceDate "2009.04.03"]

1. d4 d5 2. c4 c6 3. Nf3 Nf6 4. Bf4 Bg4 5. e3 Nbd7 6. Nc3 e6 7. a3 Ne4 8. Bd3
Nxc3 9. bxc3 Qa5 10. Qc1 Bxf3 11. gxf3 g6 12. cxd5 Qxd5 13. e4 Qh5 14. Be2 Be7
15. Rg1 h6 16. Rg2 g5 17. Bg3 Qg6 18. Qe3 Nb6 19. f4 O-O-O 20. Bd3 Qg8 21. f5
Bd6 22. fxe6 fxe6 23. f3 Qf7 24. c4 Bxg3+ 25. hxg3 Rhe8 26. Rb2 Qc7 27. e5 Qd7
28. Rab1 Re7 29. c5 Qxd4 30. Qxd4 Rxd4 31. cxb6 Rxd3 32. Rb3 Rxb3 33. Rxb3 axb6
34. Rxb6 Rd7 35. Rb3 Rd5 36. f4 h5 37. Ke2 Kc7 38. Rd3 gxf4 39. Rxd5 cxd5 40.
gxf4 Kd7 0-1

[Event "FSV-ch 2009"]
[Site "Dortmund"]
[Date "2009.05.07"]
[Round "5.1"]
[White "Sonntag, Joachim"]
[Black "Wickenfeld, Stefan"]
[Result "0-1"]
[WhiteElo "1760"]
[BlackElo "1833"]
[PlyCount "60"]
[EventDate "2009.??.??"]
[SourceDate "2009.04.03"]

1. e4 d5 2. exd5 Nf6 3. Bc4 Nxd5 4. Qh5 c6 5. Nc3 Be6 6. Qf3 g6 7. Ne4 Bg7 8.
c3 O-O 9. Bb3 a5 10. Nc5 Nd7 11. d4 Nxc5 12. dxc5 a4 13. Bc2 Qa5 14. Ne2 Qxc5
15. O-O b5 16. a3 Rad8 17. Be4 Nf6 18. Nd4 Bg4 19. Qg3 Nxe4 20. Qxg4 f5 21. Qe2
Bxd4 22. cxd4 Qxd4 23. Be3 Qd3 24. Qf3 Nd2 25. Qxc6 Rd6 26. Qc7 Nxf1 27. Rxf1
Kf7 28. Bc5 Re6 29. Bb4 Rd8 30. Qf4 Qxf1+ 0-1

[Event "FSV-ch 2009"]
[Site "Dortmund"]
[Date "2009.05.07"]
[Round "5.2"]
[White "Morawietz, Manuel"]
[Black "Stukemeier, Ralf"]
[Result "1-0"]
[WhiteElo "1783"]
[BlackElo "1781"]
[PlyCount "51"]
[EventDate "2009.??.??"]
[SourceDate "2009.04.03"]

1. d4 Nf6 2. g3 g6 3. Bg2 Bg7 4. e4 d6 5. Ne2 O-O 6. O-O Nc6 7. d5 Nb8 8. c4 c6
9. Nbc3 Na6 10. dxc6 Rb8 11. cxb7 Bxb7 12. Be3 Nd7 13. Bd4 Ndc5 14. Bxg7 Kxg7
15. Nd4 Qd7 16. b3 Rfc8 17. Ndb5 Ra8 18. Nd5 Bc6 19. Nd4 Bb7 20. f4 Nc7 21. f5
Nxd5 22. exd5 a5 23. Bh3 f6 24. Qe2 Rab8 25. fxg6 Qc7 26. Nf5+ 1-0

[Event "FSV-ch 2009"]
[Site "Dortmund"]
[Date "2009.05.07"]
[Round "5.3"]
[White "Zelt, Jens"]
[Black "Begna, Bozidar"]
[Result "1/2-1/2"]
[WhiteElo "2026"]
[BlackElo "1933"]
[PlyCount "127"]
[EventDate "2009.??.??"]
[SourceDate "2009.04.03"]

1. e4 Nf6 2. d3 e5 3. Nf3 Nc6 4. Be2 d5 5. Nbd2 Bc5 6. O-O O-O 7. c3 Bb6 8. b4
a6 9. Rb1 Qe7 10. Qc2 Rd8 11. a3 dxe4 12. dxe4 h6 13. Nc4 Ba7 14. Be3 Bxe3 15.
Nxe3 Be6 16. Rfd1 Rxd1+ 17. Rxd1 Rd8 18. Rxd8+ Qxd8 19. h3 Nd7 20. Nd5 Ne7 21.
Ne3 Ng6 22. Bc4 Nf4 23. Bxe6 Nxe6 24. Qd2 Qe8 25. g3 Nf6 26. Qd3 Qd8 27. Nd5 c6
28. Nxf6+ Qxf6 29. h4 c5 30. Kg2 cxb4 31. axb4 Qg6 32. Kf1 f6 33. Nd2 Qe8 34.
Qd5 Qb5+ 35. Qxb5 axb5 36. Ke2 h5 37. Kd3 Nc7 38. c4 bxc4+ 39. Kxc4 b6 40. Nf1
Kf7 41. Ne3 g5 42. Nd5 gxh4 43. gxh4 Ne8 44. Nxb6 Ke6 45. Kc5 Nd6 46. f3 f5 47.
exf5+ Nxf5 48. Nc4 Nxh4 49. Nd2 Nf5 50. b5 Ne7 51. Ne4 h4 52. Ng5+ Kd7 53. Nh3
Ng6 54. Nf2 Nf4 55. Ng4 Ng6 56. Kd5 h3 57. b6 Kc8 58. Kc6 Ne7+ 59. Kd6 Ng6 60.
Nh2 Kb7 61. Ke6 Kxb6 62. Kf5 Nh4+ 63. Kxe5 Nxf3+ 64. Nxf3 1/2-1/2

[Event "FSV-ch 2009"]
[Site "Dortmund"]
[Date "2009.05.11"]
[Round "5.4"]
[White "Barth, Hans-Joachim"]
[Black "Lindam, Ingo"]
[Result "0-1"]
[WhiteElo "1766"]
[BlackElo "2055"]
[PlyCount "34"]
[EventDate "2009.??.??"]
[SourceDate "2009.04.03"]

1. e4 d5 2. exd5 Nf6 3. d4 Bg4 4. f3 Bf5 5. Bb5+ Nbd7 6. c4 e6 7. dxe6 Bxe6 8.
d5 Bf5 9. Ne2 Bc5 10. Nbc3 a6 11. Bxd7+ Nxd7 12. Bf4 O-O 13. g4 Bg6 14. h4 h5
15. Qd2 Re8 16. O-O-O Nb6 17. b3 Ba3+ 0-1

[Event "FSV-ch 2009"]
[Site "Dortmund"]
[Date "2009.05.07"]
[Round "5.5"]
[White "Lauche, Christoph"]
[Black "Bommert, Christian"]
[Result "1-0"]
[WhiteElo "1927"]
[BlackElo "1656"]
[PlyCount "57"]
[EventDate "2009.??.??"]
[SourceDate "2009.04.03"]

1. e4 d5 2. exd5 Qxd5 3. Nc3 Qa5 4. b4 Qxb4 5. Rb1 Qd6 6. Nf3 Nf6 7. d4 a6 8.
Bd3 Nbd7 9. O-O e6 10. Rb3 Qc6 11. Re1 Be7 12. Ne5 Nxe5 13. dxe5 Nd7 14. Be4
Qc4 15. Bd3 Qc6 16. Be3 Nxe5 17. Be4 Qd6 18. Qe2 Nc6 19. Rd1 Qe5 20. Qf3 Nd8
21. Bf4 Qc5 22. Qg3 Bf6 23. Bxc7 O-O 24. Bd6 Qa5 25. Bxf8 Kxf8 26. Qd6+ Kg8 27.
Qb6 Qg5 28. Bf3 a5 29. Ne4 1-0

[Event "FSV-ch 2009"]
[Site "Dortmund"]
[Date "2009.05.07"]
[Round "5.6"]
[White "Hillebrand, Carsten"]
[Black "Clausen, Dirk"]
[Result "1-0"]
[WhiteElo "1874"]
[BlackElo "1633"]
[PlyCount "93"]
[EventDate "2009.??.??"]
[SourceDate "2009.04.03"]

1. c4 e5 2. g3 Nc6 3. Bg2 Nf6 4. Nc3 Bc5 5. d3 O-O 6. e3 d6 7. Nge2 a5 8. O-O
Ng4 9. h3 Nf6 10. Kh2 Bb6 11. a3 h6 12. b3 Nh7 13. Nd5 f5 14. Nxb6 cxb6 15. f4
Re8 16. Nc3 Nf6 17. Ra2 Be6 18. Nd5 exf4 19. gxf4 Bf7 20. Nxf6+ Qxf6 21. Rg1
Qh4 22. Bf3 Kh7 23. Rag2 Rg8 24. Bd2 Rad8 25. Bc3 g6 26. Qa1 Qe7 27. e4 Qh4 28.
Qc1 Be6 29. Be1 Qf6 30. Bf2 Rdf8 31. Bxb6 Nd4 32. Bd1 fxe4 33. dxe4 Qh4 34. Qe3
Rxf4 35. Qg3 (35. Bxd4 $1 Rxe4 36. Rg4 Bxg4 37. Rxg4 $16) 35... Rxe4 36. Qxh4
Rxh4 37. Rg3 a4 38. Re3 Bf5 39. bxa4 Rg7 40. Rg2 Ne6 41. Rd2 Ng5 42. Bd8 Rxc4
43. Bxg5 hxg5 44. Rxd6 g4 45. Bb3 Rf4 46. hxg4 Rxg4 $4 (46... Bxg4 47. Kg3 g5
48. Rd5 $14 {z.B.} 48... Kh6 49. Re8 Rf3+ 50. Kxg4 Rxb3 51. Rb5 Rxa3 (51...
Rxb5 52. Re6+ Rg6 53. Rxg6+ Kxg6 54. axb5 Kf6 55. a4 Ke5 56. Kxg5 Kd5 $11) 52.
Rh8+ Rh7 (52... Kg6 53. Rb6+ Kf7 54. Ra8 $1) 53. Rxh7+ Kxh7 54. Rxb7+ Kg6 55.
Rb6+ Kf7 56. Ra6 $11) 47. Rh3+ 1-0

[Event "FSV-ch 2009"]
[Site "Dortmund"]
[Date "2009.05.07"]
[Round "5.7"]
[White "Geelhaar, Thorsten"]
[Black "Jost, Udo"]
[Result "0-1"]
[WhiteElo "1757"]
[BlackElo "1802"]
[PlyCount "72"]
[EventDate "2009.??.??"]
[SourceDate "2009.04.03"]

1. e4 c5 2. Nc3 a6 3. f4 b5 4. g3 b4 5. Nb1 Bb7 6. Bg2 Nf6 7. d3 e6 8. Be3 h5
9. Nd2 Nc6 10. Ngf3 Ng4 11. Qe2 Be7 12. h3 Nf6 13. Qf2 h4 14. g4 Qc7 15. g5 Nh5
16. Nxh4 Nd4 17. Rc1 Nb5 18. e5 g6 19. Rh2 d5 20. exd6 Bxd6 21. Nc4 Be7 22.
Bxb7 Qxb7 23. Nf3 Qc7 24. Nfe5 Rd8 25. Qf3 Rd5 26. Kf2 O-O 27. h4 Rfd8 28. Kg1
Bf8 29. Ng4 Bg7 30. Nce5 Nd4 31. Bxd4 Rxd4 32. Rf1 Rxf4 33. Qe3 Rxg4+ 34. Nxg4
Bd4 35. Nh6+ Kh8 36. Nxf7+ Kg7 0-1

[Event "FSV-ch 2009"]
[Site "Dortmund"]
[Date "2009.05.17"]
[Round "5.8"]
[White "Behler, Nils"]
[Black "Grube, Jörg"]
[Result "0-1"]
[WhiteElo "1741"]
[BlackElo "1786"]
[PlyCount "56"]
[EventDate "2009.??.??"]
[SourceDate "2009.04.03"]

1. e4 e5 2. Nf3 Nc6 3. Bc4 Nf6 4. d4 exd4 5. e5 d5 6. Bb5 Ne4 7. Nxd4 Bd7 8.
Bxc6 bxc6 9. O-O Bc5 10. c3 O-O 11. Nd2 f5 12. Re1 Qh4 13. g3 Qh3 14. f4 Rae8
15. Nf1 Re6 16. Be3 Rh6 17. Qf3 Bb6 18. a4 c5 19. Nb3 Bc6 20. a5 d4 21. axb6
axb6 22. Qe2 dxe3 23. Qc4+ Kh8 24. Rxe3 Nxc3 25. Kf2 Qg2+ 26. Ke1 Bb5 27. Re2
Qxe2+ 28. Qxe2 Nxe2 0-1

[Event "FSV-ch 2009"]
[Site "Dortmund"]
[Date "2009.05.07"]
[Round "5.9"]
[White "Volmer, Martin"]
[Black "Gennat, Egon L"]
[Result "1-0"]
[WhiteElo "1597"]
[BlackElo "1318"]
[PlyCount "105"]
[EventDate "2009.??.??"]
[SourceDate "2009.04.03"]

1. d4 Nf6 2. c4 g6 3. Nc3 Bg7 4. e4 d6 5. f4 O-O 6. Nf3 c5 7. d5 b5 8. cxb5 a6
9. bxa6 Qa5 10. Bd2 Bxa6 11. Bxa6 Qxa6 12. Qe2 Qb7 13. Rb1 Nbd7 14. O-O Rfb8
15. h3 Nb6 16. Rfe1 Qd7 17. b4 Na4 18. bxc5 Nxc3 19. Bxc3 Qa7 20. Rxb8+ Rxb8
21. Qc4 Rc8 22. Bd4 dxc5 23. Bf2 Nd7 24. Rc1 Qa3 25. Rb1 Bh6 26. Rb7 Rd8 27. e5
Qa8 28. Qb5 Bxf4 29. Rxd7 Rb8 30. Qd3 Qxa2 31. g3 c4 32. Qe4 Bxg3 33. Bxg3 c3
34. Rc7 Rb2 35. Ne1 Re2 36. Qd3 Rd2 37. Qxc3 Rxd5 38. Rxe7 Qa4 39. Qc8+ Kg7 40.
Bf2 Qf4 41. Qc7 Rd2 42. Qa7 Qg5+ 43. Kf1 Qf5 44. Qe3 Kf8 45. Rxf7+ Kxf7 46.
Qxd2 Qxh3+ 47. Ke2 Qg4+ 48. Nf3 Qe4+ 49. Be3 Qc4+ 50. Kf2 Qc8 51. Qd5+ Ke8 52.
Qg8+ Kd7 53. Qxh7+ 1-0

[Event "FSV-ch 2009"]
[Site "Dortmund"]
[Date "2009.05.07"]
[Round "5.10"]
[White "Vogt, Christian"]
[Black "Lemke, Philipp"]
[Result "0-1"]
[WhiteElo "1146"]
[BlackElo "1755"]
[PlyCount "106"]
[EventDate "2009.??.??"]
[SourceDate "2009.04.03"]

1. d4 Nf6 2. c4 e5 3. dxe5 Ng4 4. Nf3 Bc5 5. e3 Nc6 6. Be2 O-O 7. O-O Re8 8.
Nd4 Ngxe5 9. Nc3 d6 10. a3 a5 11. Re1 Bd7 12. Na4 Ba7 13. Nb5 Bb8 14. b3 Qh4
15. g3 Qh3 16. Bf1 Qh6 17. Nac3 Bg4 18. Be2 Qh5 19. Bxg4 Nxg4 20. h4 Qf5 21.
Rf1 Nce5 22. Nd4 Qg6 23. Nd5 Nd3 24. Qc2 c6 25. Nf4 Nxf4 26. exf4 Qxc2 27. Nxc2
Ba7 28. Be3 Nxe3 29. Nxe3 Bxe3 30. fxe3 Rxe3 31. Rab1 Rxg3+ 32. Kh2 Re3 33.
Rfd1 Rd8 34. Kg2 Kf8 35. Kf2 Re6 36. Rd2 Ke7 37. Rbd1 b6 38. Kf3 Kf6 39. Kg4 g6
40. Rd3 h5+ 41. Kf3 Kf5 42. b4 axb4 43. axb4 Re4 44. Rd4 Rxd4 45. Rxd4 d5 46.
Kg3 Ke6 47. Rd3 Rd7 48. Re3+ Kf5 49. Re5+ Kf6 50. cxd5 Rxd5 51. Rxd5 cxd5 52.
Kf3 Kf5 53. Ke3 Kg4 0-1

[Event "FSV-ch 2009"]
[Site "Dortmund"]
[Date "2009.05.07"]
[Round "5.11"]
[White "Tautz, Eugen"]
[Black "Schlagbaum, Christoph"]
[Result "1/2-1/2"]
[WhiteElo "1419"]
[BlackElo "1605"]
[PlyCount "54"]
[EventDate "2009.??.??"]
[SourceDate "2009.04.03"]

1. c4 c5 2. Nc3 Nc6 3. Nf3 e6 4. e3 g6 5. d4 cxd4 6. exd4 Bg7 7. Bf4 Qb6 8. Nb5
Qa5+ 9. Qd2 Qxd2+ 10. Kxd2 Kd8 11. Nc7 Rb8 12. Nxe6+ dxe6 13. Bxb8 Nxb8 14. Ng5
Nh6 15. Kc3 Nc6 16. Rd1 Kc7 17. Be2 e5 18. dxe5 Nxe5 19. Kb3 Neg4 20. Bxg4 Bxg4
21. f3 Bf5 22. Rhe1 Bf6 23. Ne4 Bxe4 24. Rxe4 Rd8 25. Rxd8 Kxd8 26. g4 Bg7 27.
h3 Ng8 1/2-1/2

[Event "FSV-ch 2009"]
[Site "Dortmund"]
[Date "2009.05.07"]
[Round "5.12"]
[White "Bönke, Holger E"]
[Black "Dite, Alexander"]
[Result "0-1"]
[WhiteElo "1109"]
[BlackElo "1578"]
[PlyCount "50"]
[EventDate "2009.??.??"]
[SourceDate "2009.04.03"]

1. f4 d5 2. Nf3 c5 3. e3 Nf6 4. b3 g6 5. Bb2 Bg7 6. d3 O-O 7. g3 b6 8. Bg2 Bb7
9. O-O Nc6 10. Nbd2 Qd7 11. c4 Rad8 12. Ne5 Nxe5 13. fxe5 Ng4 14. Qe2 Nxe5 15.
d4 cxd4 16. exd4 Nc6 17. Rae1 dxc4 18. Nxc4 Bxd4+ 19. Bxd4 Qxd4+ 20. Kh1 e6 21.
Rf4 Qd7 22. Rh4 Ne7 23. Bf3 Bxf3+ 24. Qxf3 Nf5 25. Rh3 Qd5 0-1

[Event "FSV-ch 2009"]
[Site "Dortmund"]
[Date "2009.05.07"]
[Round "5.13"]
[White "Vöpel, Karl-Heinz"]
[Black "Herrmann, Rudolf"]
[Result "1-0"]
[WhiteElo "1635"]
[BlackElo "1371"]
[PlyCount "129"]
[EventDate "2009.??.??"]
[SourceDate "2009.04.03"]

1. e4 e5 2. Nf3 d6 3. d4 f6 4. dxe5 fxe5 5. Bc4 Qe7 6. Nc3 c6 7. a4 Be6 8. Qd3
Bxc4 9. Qxc4 Nf6 10. Bg5 h6 11. Bh4 Nbd7 12. O-O g5 13. Bg3 Nh5 14. Qe2 Nxg3
15. fxg3 O-O-O 16. a5 Nc5 17. b4 d5 18. exd5 cxd5 19. Nxe5 Bg7 20. Nf7 Qxe2 21.
Nxe2 Bxa1 22. Rxa1 Rhe8 23. Nxd8 Kxd8 24. Kf1 Ne4 25. Rd1 Re5 26. c4 Kd7 27.
Nd4 g4 28. Ne2 Kd6 29. Nf4 Nf6 30. Rd4 Rf5 31. Ke2 a6 32. Kd3 Kc6 33. h3 dxc4+
34. Kxc4 Nd7 35. Ng6 Ne5+ 36. Nxe5+ Rxe5 37. Rxg4 h5 38. Rg6+ Kc7 39. g4 Kd7
40. h4 Re4+ 41. Kc5 hxg4 42. Rg7+ Kc8 43. Rg5 g3 44. h5 Rh4 45. b5 Rh2 46. bxa6
bxa6 47. Kc6 Kd8 48. Kb6 Rxg2 49. Kxa6 Rh2 50. Kb7 g2 51. a6 g1=Q 52. Rxg1 Rb2+
53. Ka7 Rh2 54. Rg5 Rh1 55. Rb5 Kc8 56. Rc5+ Kd7 57. Ka8 Kd6 58. Rg5 Kc7 59.
Ka7 Rh2 60. Rc5+ Kd6 61. Rb5 Kc7 62. Rb7+ Kc6 {(=)} 63. h6 Rh1 64. h7 Rh2 65.
Kb8 1-0

[Event "FSV-ch 2009"]
[Site "Dortmund"]
[Date "2009.05.07"]
[Round "5.14"]
[White "Schirmer, Michael"]
[Black "Raskin, Vitali"]
[Result "1-0"]
[WhiteElo "1391"]
[BlackElo "1626"]
[PlyCount "119"]
[EventDate "2009.??.??"]
[SourceDate "2009.04.03"]

1. c4 e5 2. Nc3 Nf6 3. g3 g6 4. Bg2 Bg7 5. e3 d6 6. Nge2 O-O 7. O-O c6 8. Rb1
Bf5 9. d3 Nbd7 10. b4 Rb8 11. Ne4 d5 12. Nd6 Be6 13. c5 b6 14. Qc2 bxc5 15. Bd2
cxb4 16. Qxc6 Rb6 17. Qa4 Rxd6 18. Bxb4 Rb6 19. Bxf8 Bxf8 20. Qxa7 Qb8 21. Qxb8
Rxb8 22. Rxb8 Nxb8 23. Rb1 Nbd7 24. d4 Ne4 25. Rb7 Nd6 26. Rc7 Ne4 27. dxe5
Nxe5 28. Nd4 Bd6 29. Nxe6 fxe6 30. Rc8+ Kg7 31. Bxe4 dxe4 32. a4 Nf3+ 33. Kg2
Ne1+ 34. Kf1 Nd3 35. a5 Nb4 36. a6 Nxa6 37. Rc6 Be7 38. Rxe6 Kf7 39. Rxa6 Bc5
40. Ra4 Kf6 41. Rxe4 Kf5 42. Rc4 Be7 43. Rc7 Ke6 44. Ke2 Kd6 45. Rxe7 Kxe7 46.
Kd3 Ke6 47. Ke4 h6 48. h4 h5 49. f3 Kf6 50. Kd5 g5 51. hxg5+ Kxg5 52. e4 Kf6
53. Kd6 Kf7 54. e5 Ke8 55. f4 Kd8 56. e6 Ke8 57. f5 Kd8 58. e7+ Ke8 59. f6 (59.
Ke6 $1 h4 60. f6 hxg3 61. f7#) 59... Kf7 60. Kd7 1-0